000 00305nam a22001217a 4500
082 _a158
_bPRA/S
100 _aPRABHUPADA,BHAKTIVEDANTA SWAMI
245 _aTHE SCIENCE OF SELF REALIZATION
260 _aMUMBAI
_bBHAKTIVEDANTA BOOK TRUST
300 _a360
650 _aSELF REALIZATION
_zMUMBAI
942 _cBK
999 _c5697
_d5697